| 000 | 00567nam a2200157Ia 4500 | ||
|---|---|---|---|
| 008 | 260422s2024 xx 000 0 und d | ||
| 020 | _a978-93-340-9251-6 | ||
| 041 | _ahin | ||
| 082 |
_a920 _bशाहा |
||
| 100 | _aशाहा रमणलाल | ||
| 245 | _aछत्रपती शिवाजी महाराज : एक युगप्रवर्तक सेनानी | ||
| 260 |
_aसातारा _bअनिकता रोहित शाहा _c2024 |
||
| 300 | _a378 पृ. | ||
| 365 |
_cRs. _e600 |
||
| 650 | _aनेतृत्व | ||
| 999 |
_c1220912 _d1220912 |
||